000 002530000a22000970004500
100 1 _aHoward, David M.
245 1 0 _aLooking for young leaders
300 _aVol. 77, Num 2 (Abril-Junio, 1997), Página 3
773 0 _tLatin America Evangelist
942 _cANA
999 _c55058
_d55058